00278nam a2200121Ia 4500100001200000650001700012366000700029245004800036260003300084082000800117300000800125546002300133 aLal/ I  a20th century f28 a50 Magnificiant indians of the 20th century bJaico Publishing Housec2015 bLAL a319 aENGLISHcComputers